<?xml version="1.0" encoding="UTF-8"?>
<collection xmlns="http://www.loc.gov/MARC21/slim">
 <record>
  <leader>     na                 </leader>
  <controlfield tag="001">INLIS000000000000876</controlfield>
  <controlfield tag="005">20240607105947</controlfield>
  <datafield tag="035" ind1=" " ind2=" ">
   <subfield code="a">0010-1122000001</subfield>
  </datafield>
  <controlfield tag="007">ta</controlfield>
  <controlfield tag="008">240607                g          0 ind  </controlfield>
  <datafield tag="020" ind1=" " ind2=" ">
   <subfield code="a">978-602-6473-06-6</subfield>
  </datafield>
  <datafield tag="082" ind1=" " ind2=" ">
   <subfield code="a">636.3-116</subfield>
  </datafield>
  <datafield tag="084" ind1=" " ind2=" ">
   <subfield code="a">636.3-116 STR s</subfield>
  </datafield>
  <datafield tag="100" ind1="1" ind2=" ">
   <subfield code="a">Inounu, Ismeth</subfield>
  </datafield>
  <datafield tag="245" ind1="1" ind2=" ">
   <subfield code="a">Strategi Penyediaan Lahan dan Pembiayaan Usaha Pengembangan Kambing Domba Skala UKM</subfield>
  </datafield>
  <datafield tag="260" ind1=" " ind2=" ">
   <subfield code="a">Bogor :</subfield>
   <subfield code="b">Pusat Penelitian dan Pengembangan Peternakan,</subfield>
   <subfield code="c">2017</subfield>
  </datafield>
  <datafield tag="300" ind1=" " ind2=" ">
   <subfield code=":"></subfield>
   <subfield code="b">vi+57 hlm.; ilus.; 16x20,5 cm</subfield>
  </datafield>
  <datafield tag="700" ind1="1" ind2=" ">
   <subfield code="a">Priyanti, Atien</subfield>
  </datafield>
  <datafield tag="700" ind1="1" ind2=" ">
   <subfield code="a">Tiesnamurti, Bess</subfield>
  </datafield>
  <datafield tag="700" ind1="1" ind2=" ">
   <subfield code="a">Handiwirawan, Eko</subfield>
  </datafield>
  <datafield tag="700" ind1="1" ind2=" ">
   <subfield code="a">Shiddieqy, Mohammad Ikhsan</subfield>
  </datafield>
  <datafield tag="505" ind1=" " ind2=" ">
   <subfield code="a">Keberadaan ternak kambing dan domba yang telah lama mengakar di masyarakat petani/peternak di Indonesia, merupakan sumber daya potensial dalam rangka meningkatkan pemberdayaan dan kesejahteraan masyarakat di pedesaan. Ternak domba dan kambing memiliki keunggulan sebagai jenis hewan profilik yang pemeliharaannya  relatif mudah, serta memiliki nilai budaya dan kearifan lokal bagi masyarakat Indonesia. Berbagai jenis ternak ini antara lain Domba Garut, Domba Ekor Gemuk, kambing Kacang, Kambing Senduro, Kambing Kaligesing, dan lain sebagainya. &#13;
Selama kurun waktu tahun 2011-2015, pertumbuhan domba dan kambing mengalami peningkatan 9,66%, peluang untuk melakukan ekspor ternak domba dan kambing ke negara tetangga sangat besar.  Namun, keterbatasan lahan dan akses terhadap pembiayaan usaha ditengarai menjadi salah satu kendala dalam upaya pengembangannya. Meskipun terkait dengan hal ini, namun kenyataannya pelaku usaha ternak domba dan kambing masih mengalami kesulitan untuk menggunakan fasilitas yang ada.&#13;
Sehubungan dengan hal tersebut diatas, Pusat penelitian dan Pengembangan Peternakan melalui Tim Kajian Antisipatif dan Veteriner bekerja sama dengan Himpunan Peternak Domba dan Kambing Indonesia berinisiasi melakukan diskusi bertemakan “Strategi Penyediaan Lahan dan Pembiayaan Usaha Pengembangan Kambing-Domba Skala UKM”. Selengkapnya tersedia di dalam buku ini.</subfield>
  </datafield>
  <datafield tag="990" ind1=" " ind2=" ">
   <subfield code="a">00000002622</subfield>
  </datafield>
  <datafield tag="990" ind1=" " ind2=" ">
   <subfield code="a">00000000983</subfield>
  </datafield>
  <datafield tag="990" ind1=" " ind2=" ">
   <subfield code="a">00000000984</subfield>
  </datafield>
  <datafield tag="990" ind1=" " ind2=" ">
   <subfield code="a">00000000985</subfield>
  </datafield>
  <datafield tag="990" ind1=" " ind2=" ">
   <subfield code="a">00000000986</subfield>
  </datafield>
  <datafield tag="990" ind1=" " ind2=" ">
   <subfield code="a">00000000987</subfield>
  </datafield>
  <datafield tag="990" ind1=" " ind2=" ">
   <subfield code="a">00000001075</subfield>
  </datafield>
  <datafield tag="990" ind1=" " ind2=" ">
   <subfield code="a">00000002663</subfield>
  </datafield>
  <datafield tag="990" ind1=" " ind2=" ">
   <subfield code="a">00000002680</subfield>
  </datafield>
  <datafield tag="990" ind1=" " ind2=" ">
   <subfield code="a">00000002791</subfield>
  </datafield>
  <datafield tag="990" ind1=" " ind2=" ">
   <subfield code="a">00000003853</subfield>
  </datafield>
  <datafield tag="990" ind1=" " ind2=" ">
   <subfield code="a">00000003854</subfield>
  </datafield>
  <datafield tag="990" ind1=" " ind2=" ">
   <subfield code="a">00000003855</subfield>
  </datafield>
  <datafield tag="990" ind1=" " ind2=" ">
   <subfield code="a">00000003856</subfield>
  </datafield>
  <datafield tag="990" ind1=" " ind2=" ">
   <subfield code="a">00000003857</subfield>
  </datafield>
 </record>
</collection>
